Autos sacramentales

שמור ב:
מידע ביבליוגרפי
מחבר ראשי: Cruz, Sor Juana Inés de la
פורמט: ספר
שפה:Undetermined
יצא לאור: México, Distrito Federal UNAM 1970
נושאים:
תגים: הוספת תג
אין תגיות, היה/י הראשונ/ה לתייג את הרשומה!

MARC

LEADER 00000nam a2200000Ia 4500
008 170316s9999 xx 000 0 und d
040 |a cru BVZT 
090 |a 860 C-47au 
100 |a Cruz, Sor Juana Inés de la 
245 |a Autos sacramentales 
260 |a México, Distrito Federal 
260 |b UNAM 
260 |c 1970 
300 |a 209 páginas 
650 |a LITERATURA LATINOAMERICANA 
999 |c 8555  |d 8555 
942 |c 15 D  |h 860 C-47au  |2 z